5HLuxD.jpg

KING HENRY VIII SENIOR AND PRIMARY SCHOOL LIBRARY OPAC

The Wizard of Oz / (Record no. 5443)

000 -LEADER
fixed length control field 01770nam a2200373 i 4500
003 - CONTROL NUMBER IDENTIFIER
control field OSt
005 - DATE AND TIME OF LATEST TRANSACTION
control field 20250918101016.0
008 - FIXED-LENGTH DATA ELEMENTS--GENERAL INFORMATION
fixed length control field 151020s2008 enka e 000 1 eng d
020 ## - INTERNATIONAL STANDARD BOOK NUMBER
International Standard Book Number 9780194789264
040 ## - CATALOGING SOURCE
Original cataloging agency CaNSH
Language of cataloging eng
Transcribing agency CaNSH
Modifying agency CaOL
-- KH8
Description conventions rda
082 ## - DEWEY DECIMAL CLASSIFICATION NUMBER
Classification number 428.6 BAU
100 1# - MAIN ENTRY--PERSONAL NAME
Personal name Border, Rosemary,
Dates associated with a name 1943-
Relator term author.
245 14 - TITLE STATEMENT
Title The Wizard of Oz /
Statement of responsibility, etc. L. Frank Baum ; retold by Rosemary Border ; illustrated by Gillian McLean.
250 ## - EDITION STATEMENT
Edition statement Simplified edition.
264 #1 - PRODUCTION, PUBLICATION, DISTRIBUTION, MANUFACTURE, AND COPYRIGHT NOTICE
Place of production, publication, distribution, manufacture Oxford, [England] :
Name of producer, publisher, distributor, manufacturer Oxford University Press,
Date of production, publication, distribution, manufacture, or copyright notice [2008]
300 ## - PHYSICAL DESCRIPTION
Extent 56 pages :
Other physical details illustrations ;
Dimensions 20 cm.
336 ## - CONTENT TYPE
Content type term text
Source rdacontent.
337 ## - MEDIA TYPE
Media type term unmediated
Source rdamedia.
338 ## - CARRIER TYPE
Carrier type term volume
Source rdacarrier.
490 1# - SERIES STATEMENT
Series statement Oxford bookworms library, fantasy & horror ;
Volume/sequential designation 1.
500 ## - GENERAL NOTE
General note First published in Oxford Bookworms, 1998.
520 ## - SUMMARY, ETC.
Summary, etc. "Dorothy lives in Kansas, USA, but one day a cyclone blows her and her house to a strange country called Oz. There, Dorothy makes friends with the Scarecrow, the Tin Man, and the Cowardly Lion. But she wants to go home to Kansas. Only one person can help her, and that is the country's famous Wizard. So Dorothy and her friends take the yellow brick road to the Emerald City, to find the Wizard of Oz..."--Back cover.
650 #0 - SUBJECT ADDED ENTRY--TOPICAL TERM
Topical term or geographic name entry element Wizards
Form subdivision Fiction.
650 #0 - SUBJECT ADDED ENTRY--TOPICAL TERM
Topical term or geographic name entry element Oz (Imaginary place)
Form subdivision Fiction.
650 #0 - SUBJECT ADDED ENTRY--TOPICAL TERM
Topical term or geographic name entry element High interest-low vocabulary books.
650 #0 - SUBJECT ADDED ENTRY--TOPICAL TERM
Topical term or geographic name entry element Readers (Adult)
650 #0 - SUBJECT ADDED ENTRY--TOPICAL TERM
Topical term or geographic name entry element Readers for new literates.
650 #7 - SUBJECT ADDED ENTRY--TOPICAL TERM
Topical term or geographic name entry element Horror fiction.
Source of heading or term genre.
650 #7 - SUBJECT ADDED ENTRY--TOPICAL TERM
Topical term or geographic name entry element Fantasy fiction.
Source of heading or term genre.
700 1# - ADDED ENTRY--PERSONAL NAME
Personal name McLean, Gillian,
Relator term illustrator.
700 1# - ADDED ENTRY--PERSONAL NAME
Relationship information Based on (work):
Personal name Baum, L. Frank
Fuller form of name (Lyman Frank),
Dates associated with a name 1856-1919.
Title of a work Wizard of Oz.
830 #0 - SERIES ADDED ENTRY--UNIFORM TITLE
Uniform title Oxford bookworms library.
Name of part/section of a work Fantasy & horror.
-- Stage 1.
942 ## - ADDED ENTRY ELEMENTS (KOHA)
Source of classification or shelving scheme
Koha item type Teaching Resources
Holdings
Withdrawn status Lost status Source of classification or shelving scheme Damaged status Not for loan Collection code Permanent Location Current Location Shelving location Date acquired Total Checkouts Full call number Barcode Date due Date last seen Date last checked out Copy number Price effective from Koha item type
          Teaching Resources KH8 Senior School Library KH8 Senior School Library Staff Office 2025-09-18 1 428.6 BAU TRKHSL006596 2026-07-03 2025-09-18 2025-09-18 ELP 2025-09-18 Teaching Resources
          Teaching Resources KH8 Senior School Library KH8 Senior School Library Staff Office 2025-09-18 1 428.6 BAU TRKHSL006597 2026-07-03 2025-09-18 2025-09-18 ELP 2025-09-18 Teaching Resources
          Teaching Resources KH8 Senior School Library KH8 Senior School Library Staff Office 2025-11-12   428.6 BAU TRKHSL006778   2025-11-12     2025-11-12 Teaching Resources

Powered By KH8 IT Dept